Maiores personalidades de todos os tempos - Statistics

Estatísticas Gerais
  • Esse quiz foi jogado 1 261 vezes
  • A pontuação média é 13 de 20
Estatísticas das Respostas
Hint Resposta % Correto
Estadista Alemão causador da 2ª Guerra Mundial Adolf Hitler
91%
Última rainha do Egito Cleópatra
89%
O maior jogador de futebol de todos os tempos Pelé
89%
Primeiro presidente negro dos Estados Unidos Barack Obama
88%
Líder religioso que foi crucificado Jesus Cristo
86%
O maior cantor de Reggae de todos os tempos Bob Marley
81%
Cienstista criador da teoria da relatividade Albert Einstein
77%
Professor espiritual fundador do budismo Buda
77%
Cientista que criou a teoria da evolução Charles Darwin
76%
O maior estadista da África do Sul Nelson Mandela
75%
O maior estadista do Império Romano Júlio Cesar
69%
Fundador da psicanálise Sigmund Freud
67%
Primeiro presidente da União Soviética (URSS) Joseph Stalin
63%
O maior estadista Francês Napoleão Bonaparte
62%
O maior líder indiano Gandhi
61%
Pensador Alemão revolucionário Karl Marx
49%
Inventor da Lâmpada Thomas Edison
47%
Inventor do computador Bill Gates
24%
Inventor do avião Santos Dumond
19%
Fundador do Pensamento Político Nicolau Maquiavel
18%
Nenhum quiz correspondente encontrado
Distribuição das Pontuações
Porcentagem de Pessoas com Cada Pontuação
Percentil de Números Respondidos
Sua Pontuação Histórica
Você não jogou esse quiz